|
|
|
|
| LEADER |
00615nam a22001931a 4500 |
| 020 |
|
|
|a 8131602249
|c 0.00
|
| 040 |
|
|
|a SSUS - Library - Kalady
|
| 082 |
|
|
|a 362.8292
|b SWA/F
|
| 100 |
|
|
|a Swati Shirwadkar
|
| 245 |
|
|
|a Family violence in India
|h [Text]
|
| 260 |
|
|
|a Jaipur
|b Rawat
|c 2009
|
| 300 |
|
|
|a 484p.
|
| 600 |
|
|
|a Family Violence
|
| 600 |
|
|
|a Human Rights
|
| 600 |
|
|
|a Social Sciences
|
| 852 |
|
|
|h 362.8292
|i SWA/F
|p 060436
|9 995.00
|t 0
|
| 942 |
|
|
|c BK
|
| 999 |
|
|
|c 14417
|d 14417
|
| 952 |
|
|
|0 0
|1 0
|4 0
|6 362_829200000000000_SWA_F
|7 0
|9 20606
|a SSUS
|b SSUS
|d 2015-01-08
|g 995.00
|o 362.8292 SWA/F
|p 060436
|r 2015-01-08
|v 0.00
|w 2015-01-08
|y BK
|